000 00723nam a22002057a 4500
005 20100807115857.0
010 _aENG-98853
020 _a9789380173078
_c150.00
035 _aEN-82385
037 _bDBAD/PUB
082 _a005.14
100 _aM Rajesh Kumar
_98346
245 _aThe software testing guide book /
_cby M Rajesh Kumar
260 _aKoradacherry
_bAruma pathipagam
_c2009
270 _a35 Gandhi Colony
_bKoradacherry
_e613703
300 _aviii,214p
_c20cm(pbk)
650 _aComputer software testing
_98347
942 _2ddc
_cEN
_h005.14
_mMRA
999 _c40007
_d40007